• 首页
  • 本馆介绍
  • 公告通知
  • 最新文献
  • 馆藏检索
  • 电子资源
  • 读者导购
  • 参考咨询
  • 我的图书馆
  • 登录
  • 详细信息显示
  • 放入我的书架
  • 预约/预借图书
  • 作者相关作品
  • 分类相关作品
  • 丛书相关作品
  • 出版社相关作品

书目信息

  • 表格格式
  • 工作单格式
  • 卡片格式
书名: Elastic media with microstructure
作者: Isaak A. Kunin.
分册号:
分册名:
出版地: Berlin ;
 
出版社: Springer-Verlag
出版时间: 1982.
页数: v. <1-2 > :
开本: 24 cm.
丛书名: Springer series in solid-state sciences
中图分类号:
科图分类号:
其他分类号: O343.2
主题词:
电子资源:
000 01279cam 2200421 a 4500
001 E0732449052
005 20070506083416.00
020    @a354011145X.
020    @a038711145X (U.S. : v. 1).
090    @aO343.2
099    @dO343.2@ex2:1
100 1  @aKunin, I.A.@q(Isaak Abramovich),@d1924-
240 10 @aTeorikila uprugikh sred s mikrostrukturofi.@lEnglish
245 10 @aElastic media with microstructure / @cIsaak A. Kunin.@nⅠ.
260    @aBerlin ;@aNew York :@bSpringer-Verlag,@c1982.
300    @av. <1-2 > :@bill. ;@c24 cm.
440  0 @aSpringer series in solid-state sciences ;@vv. 26
500    @aRev. and updated translation of: Teorikila uprugikh sred s mikrostrukturofi.
504    @aIncludes bibliographical references and indexes.
505 1  @a1. One-dimensional models -- 2. Three-dimensional models.
920    @a231030@bO343@cK96E@z1
920    @a212010@z1
920    @a211060@z1
920    @a211010@z1
920    @a231010@z2
920    @a211260@z1
920    @a251050@z1
920    @a215010@z1
920    @a243040@z1
920    @a242120@z1
920    @a222010@z1
920    @a236010@z2
920    @a222020@z2
920    @a242030@z2
920    @a242010@z1
920    @a231220@z1
920    @a244050@z2
998    @aSJT
    
    Elastic media with microstructure / / Isaak A. Kunin.. Ⅰ.-Berlin ; ; New York : : Springer-Verlag, , 1982.
    v. <1-2 > : : ill. ; ; 24 cm.- (Springer series in solid-state sciences ; v. 26)
    Rev. and updated translation of: Teorikila uprugikh sred s mikrostrukturofi.-Includes bibliographical references and indexes.-1. One-dimensional models -- 2. Three-dimensional models.
    
    ISBN 354011145X.
    
●
相关链接 在E读中查询图书 在五车中查询图书 在当当中查询图书 在豆瓣中查询图书


正题名:Elastic media with microstructure     索取号:O343.2/x2:1         预约/预借

序号 登录号 条形码 馆藏地/架位号 状态 备注
1 180982   000452771   第四借阅区/ [索取号:O343.2/x2:1] 在馆    
2 180983   000452735   第四借阅区/ [索取号:O343.2/x2:1] 在馆    
3 180984   000453137   第二样本阅览室/ [索取号:O343.2/x2:1] 在馆    
4 181722   000452691   第四借阅区/ [索取号:O343.2/x2:1] 在馆    
5 181723   000452655   第四借阅区/ [索取号:O343.2/x2:1] 在馆    
唐山师范学院图书馆 欢迎您!
大连网信软件有限公司© 版权所有